| 000 | 00525nam a22001577a 4500 | ||
|---|---|---|---|
| 005 | 20250918084957.0 | ||
| 008 | 250912b |||||||| |||| 00| 0 eng d | ||
| 020 | _a9789715509015 | ||
| 082 | _aDFil 899.2111 Sa585 2019 | ||
| 100 |
_aSan Juan, E.,Jr. _911084 |
||
| 245 |
_aBakas alingawngaw : _btalinghaga't taludtod sa panahon ng globalisasyon / _cE. San Juan Jr. |
||
| 260 |
_aQuezon City : _bBughaw, _c©2019. |
||
| 300 |
_avii, 76 pages : _billustrations ; _c21 cm. |
||
| 650 | 0 |
_aFilipino poetry. _967722 |
|
| 942 |
_2ddc _cDFIL |
||
| 999 |
_c23746 _d23746 |
||